សង្ខេប មហាវេស្សន្តរជាតក ( ពីកណ្ឌទសពរ ដល់ នគរកណ្ឌ ) / (Record no. 6634)

MARC details
000 -LEADER
fixed length control field 02026nam a22002297a 4500
001 - CONTROL NUMBER
control field 6634
003 - CONTROL NUMBER IDENTIFIER
control field FISKH
005 - DATE AND TIME OF LATEST TRANSACTION
control field 20250519101201.0
008 - FIXED-LENGTH DATA ELEMENTS--GENERAL INFORMATION
fixed length control field 250516b cb ||||| |||| 00| 0 eng d
040 ## - CATALOGING SOURCE
Original cataloging agency FISKH
Language of cataloging khr
Transcribing agency FISKH
Modifying agency FISKH
082 ## - DEWEY DECIMAL CLASSIFICATION NUMBER
Classification number 297.382325
100 ## - MAIN ENTRY--PERSONAL NAME
Personal name Gnok, Them
245 ## - TITLE STATEMENT
Title សង្ខេប មហាវេស្សន្តរជាតក ( ពីកណ្ឌទសពរ ដល់ នគរកណ្ឌ ) /
Statement of responsibility, etc. និពន្ធដោយ លោក ញ៉ុក​ ថែម​
260 ## - PUBLICATION, DISTRIBUTION, ETC.
Place of publication, distribution, etc. ភ្នំពេញ :
300 ## - PHYSICAL DESCRIPTION
Extent 37 pages :
Other physical details illustrations ;
Dimensions 21 cm .
520 ## - SUMMARY, ETC.
Summary, etc. មហាវេស្សន្តរជាតក គឺជាជាតកទី ១០ ដែលជាជាតកចុងក្រោយក្នុងចំណោម ១០ ជាតកដ៏សំខាន់ (ទសបារមីជាតក) ដែលព្រះពុទ្ធបានប្រាប់អំពីជីវិតចុងក្រោយរបស់ព្រះអង្គនៅពេលដែលជាជនរួមសាសន៍មួយឈ្មោះព្រះវេស្សន្តរ។ ជាតកនេះបង្ហាញពីការបំផុសគុណធម៌ ទានបារមី (ការផ្តល់ជូនជាប្រចាំ) ដ៏អស្ចារ្យរបស់ព្រះអង្គ។
520 ## - SUMMARY, ETC.
Summary, etc. The Mahāvesantara Jātaka is the 10th and final Jātaka in the collection of the Ten Great Jātakas (Dasabodhisattuppatti Jātaka), which recount the past lives of the Buddha. It tells the story of the Buddha's final existence as a Bodhisattva before attaining enlightenment, in the form of a prince named Vessantara. This Jātaka illustrates the perfection of Dāna Pāramī—the virtue of generosity—demonstrated in its most extraordinary and selfless form by Prince Vessantara.
650 ## - SUBJECT ADDED ENTRY--TOPICAL TERM
Topical term or geographic name entry element មហាវេស្សន្តរជាតក
650 ## - SUBJECT ADDED ENTRY--TOPICAL TERM
Topical term or geographic name entry element Moha ve sorn de chea dork
942 ## - ADDED ENTRY ELEMENTS (KOHA)
Source of classification or shelving scheme Dewey Decimal Classification
Koha item type Khmer Books
Suppress in OPAC No
Holdings
Withdrawn status Lost status Source of classification or shelving scheme Damaged status Not for loan Collection Home library Current library Shelving location Date acquired Total Checkouts Full call number Barcode Date last seen Copy number Price effective from Koha item type
    Dewey Decimal Classification     Khmer Language Books / សៀវភៅភាសាខ្មែរ Footprints International School Library Network Toul Tom Poung Campus Footprints International School Library Network Toul Tom Poung Campus TTP Secondary Khmer Bookshelves 05/16/2025   THE 297.382325 FISSE02079 05/16/2025 1 05/16/2025 Khmer Books
    Dewey Decimal Classification     Khmer Language Books / សៀវភៅភាសាខ្មែរ Footprints International School Library Network Toul Tom Poung Campus Footprints International School Library Network Toul Tom Poung Campus TTP Secondary Khmer Bookshelves 05/16/2025   THE 297.382325 FISSE02062 05/16/2025 2 05/16/2025 Khmer Books
    Dewey Decimal Classification     Khmer Language Books / សៀវភៅភាសាខ្មែរ Footprints International School Library Network Toul Tom Poung Campus Footprints International School Library Network Toul Tom Poung Campus TTP Secondary Khmer Bookshelves 05/16/2025   THE 297.382325 FISSE02135 05/16/2025 3 05/16/2025 Khmer Books